| 000 | 01227nab a22002177a 4500 | ||
|---|---|---|---|
| 999 |
_c6453 _d6453 |
||
| 003 | OSt | ||
| 005 | 20260205093636.0 | ||
| 008 | 190429b xxu||||| |||| 00| 0 spa d | ||
| 040 | _cPJ | ||
| 100 |
_aFalcone, Roberto (h.) _94067 |
||
| 245 | 1 | 3 |
_aLa posesión como hecho punible : _bfisonomía de la adscripción de un estado de cosas institucional / _cRoberto Falcone (H). |
| 260 |
_cCiudad Autónoma de Buenos Aires : _aThomson Reuters La Ley, _b2024. |
||
| 300 | _ap. 13-35 | ||
| 500 | _aCita: TR LALEY AR/DOC/162/2024. | ||
| 505 | _aSumario: I. Las normas de comportamiento como razones para la acción.— II. El silogismo práctico.— III. Las normas silogísticamente opacas.— IV. Algunas críticas y justificaciones a la regulación de delitos de posesión.— V. Una (propia) posición legitimatoria.— VI. Hacia una democratización del derecho penal. | ||
| 505 | _tSi te interesa el texto completo, solicitalo a koha@justierradelfuego.gov.ar | ||
| 650 | 0 |
_9343 _aDERECHO PENAL |
|
| 650 | 0 |
_92882 _aTENENCIA DE ESTUPEFACIENTES |
|
| 773 | 0 |
_02658 _93164 _tRevista de derecho penal y criminología. Nº 4 - Mayo 2024 _dCiudad Autónoma de Buenos Aires : Thomson Reuters La Ley, 2017- _x00347914 |
|
| 942 |
_2udc _cANA |
||